|
|
|
|
| LEADER |
00000cam a2200000 7i4500 |
| 001 |
0000005915 |
| 005 |
20151222.0 |
| 008 |
070813 |
| 020 |
|
|
|a 9835808198
|
| 090 |
0 |
0 |
|a SC
|b ENG
|
| 100 |
1 |
|
|a Farndon, John
|
| 245 |
1 |
0 |
|a Water
|c John Farndon
|
| 260 |
|
|
|a Selangor :
|b Federal Publication ,
|c 2003
|
| 440 |
|
|
|a Science experiments
|
| 500 |
|
|
|a Children ages 10-12 years old (pink)
|
| 650 |
|
0 |
|a Junior fiction
|x English
|x Languages
|
| 650 |
|
0 |
|a Science
|
| 710 |
0 |
|
|a Title
|
| 999 |
|
|
|a 0000888084
|b Book
|c Children Collection
|e Cawangan Segamat
|
| 999 |
|
|
|a 0000982899
|b Book
|c Children Collection
|e Perbadanan Perpustakaan Awam Johor
|
| 999 |
|
|
|a 0000982900
|b Book
|c Children Collection
|e Cawangan Muar
|
| 999 |
|
|
|a 0000982901
|b Book
|c Children Collection
|e Cawangan Kota Tinggi
|
| 999 |
|
|
|a 0000982902
|b Book
|c Children Collection
|e Perbadanan Perpustakaan Awam Johor
|
| 999 |
|
|
|a 0000982903
|b Book
|c Children Collection
|e Cawangan Tangkak
|
| 999 |
|
|
|a 0001086427
|b Book
|c Children Collection
|e Cawangan Bandar Penawar
|
| 999 |
|
|
|a 0001149512
|b Book
|c Children Collection
|e Cawangan Tmn. Ungku Tun Aminah
|
| 999 |
|
|
|a 0001149518
|b Book
|c Teenagers
|e Cawangan Bandar Tenggara
|
| 999 |
|
|
|a 0001150043
|b Book
|c Children Collection
|e Cawangan Segamat
|
| 999 |
|
|
|a 0001150045
|b Book
|c Children Collection
|e Cawangan Bandar Penawar
|
| 999 |
|
|
|a 0001150046
|b Book
|c Children Collection
|e Cawangan Bukit Gambir
|
| 999 |
|
|
|a 001150048
|b Book
|c Teenagers
|e Cawangan Bandar Tenggara
|